Eastern Utah Libraries Catalog: Duchesne, Heber, Roosevelt, & Vernal

Happy Valentine's Day, Curious George! / (Record no. 403296)

MARC details
000 -LEADER
fixed length control field 01950nam a2200433 i 4500
001 - CONTROL NUMBER
control field BK0031650378
005 - DATE AND TIME OF LATEST TRANSACTION
control field 20250103172053.0
008 - FIXED-LENGTH DATA ELEMENTS--GENERAL INFORMATION
fixed length control field 241204r20242010nyua a 000 1 eng d
010 ## - LIBRARY OF CONGRESS CONTROL NUMBER
LC control number bl2024032500
020 ## - INTERNATIONAL STANDARD BOOK NUMBER
International Standard Book Number 9780063384903
Qualifying information hc.
040 ## - CATALOGING SOURCE
Original cataloging agency GCmBT
Language of cataloging eng
Description conventions rda
Transcribing agency GCmBT
050 14 - LIBRARY OF CONGRESS CALL NUMBER
Classification number PZ7.D541536
Item number Hap 2024
082 04 - DEWEY DECIMAL CLASSIFICATION NUMBER
Classification number [E]
Edition number 23/eng/20241204
092 ## - LOCALLY ASSIGNED DEWEY CALL NUMBER (OCLC)
Classification number children holiday book
Item number Rey
100 1# - MAIN ENTRY--PERSONAL NAME
Personal name Rey, H. A.
Relator term creator.
9 (RLIN) 5738205
245 10 - TITLE STATEMENT
Title Happy Valentine's Day, Curious George! /
Statement of responsibility, etc written by N. Di Angelo ; illustrated in the style of H.A. Rey by Mary O'Keefe Young.
264 #1 - Production, Publication, Distribution, Manufacture, and Copyright Notice.
Place of production, publication, distribution, manufacture New York, NY :
Name of producer, publisher, distributor, manufacturer Clarion Books, an imprint of HarperCollinsPublishers,
Date of production, publication, distribution, manufacture, or copyr [2024]
300 ## - PHYSICAL DESCRIPTION
Extent 1 volume (unpaged) :
Other physical details color illustrations ;
Dimensions 23 cm.
336 ## - Content Type
Content type term text
336 ## - Content Type
Content type term still image
337 ## - Media type
Media type term unmediated
338 ## - Carrier type
Carrier type term volume
500 ## - GENERAL NOTE
General note Cover title.
520 ## - SUMMARY, ETC.
Summary, etc George and his friends celebrate Valentine's Day-and get into mischief-while decorating, baking and card making, in a book that includes fun flaps to lift that reveal lively surprises in a humorous celebration of friendship.
600 01 - SUBJECT ADDED ENTRY--PERSONAL NAME
Personal name Curious George
Titles and other words associated with a name (Fictitious character)
Form subdivision Fiction.
9 (RLIN) 6424808
650 #1 - SUBJECT ADDED ENTRY--TOPICAL TERM
Topical term or geographic name as entry element Curious George (Fictitious character)
Form subdivision Fiction.
9 (RLIN) 5726102
650 #1 - SUBJECT ADDED ENTRY--TOPICAL TERM
Topical term or geographic name as entry element Monkeys
Form subdivision Fiction.
9 (RLIN) 5674950
650 #1 - SUBJECT ADDED ENTRY--TOPICAL TERM
Topical term or geographic name as entry element Valentine's Day
Form subdivision Fiction.
9 (RLIN) 5674131
650 #1 - SUBJECT ADDED ENTRY--TOPICAL TERM
Topical term or geographic name as entry element Parties
Form subdivision Fiction.
9 (RLIN) 5674139
655 #7 - INDEX TERM--GENRE/FORM
Genre/form data or focus term Picture books.
Source of term lcgft
655 #7 - INDEX TERM--GENRE/FORM
Genre/form data or focus term Board books.
Source of term lcgft
655 #7 - INDEX TERM--GENRE/FORM
Genre/form data or focus term Lift-the-flap books.
Source of term lcgft
9 (RLIN) 5718302
655 #7 - INDEX TERM--GENRE/FORM
Genre/form data or focus term Toy and movable books.
Source of term lcgft
655 #7 - INDEX TERM--GENRE/FORM
Genre/form data or focus term Fiction.
Source of term lcgft
9 (RLIN) 5673940
700 1# - ADDED ENTRY--PERSONAL NAME
Personal name Young, Mary O'Keefe,
Relator term illustrator.
9 (RLIN) 32399
700 1# - ADDED ENTRY--PERSONAL NAME
Personal name Di Angelo, N.,
Relator term author.
9 (RLIN) 6229915
775 08 - OTHER EDITION ENTRY
Display text Reproduction of (manifestation):
Main entry heading Di Angelo, N.
Title Happy Valentine's Day, Curious George!
Place, publisher, and date of publication Boston : Houghton Mifflin Harcourt, c2010
International Standard Book Number 9780547131078.
942 ## - ADDED ENTRY ELEMENTS (KOHA)
Source of classification or shelving scheme Dewey Decimal Classification
Koha item type BOOK
Holdings
Withdrawn status Lost status Source of classification or shelving scheme Damaged status Not for loan Collection code Home library Current library Shelving location Date acquired Source of acquisition Total Checkouts Total Renewals Full call number Barcode Date last seen Date checked out Cost, replacement price Price effective from Koha item type
    Dewey Decimal Classification     Children Holiday Books Wasatch County Library Wasatch County Library Main Floor Childrens Area 01/03/2025 Micromarketing 3 4 E Valentine's Day Rey 34301002141937 02/17/2026 01/05/2026 10.99 01/03/2025 BOOK
This project was made possible through a grant from the Institute of Museum and Library Service administered by the Utah State Library Division.

Wasatch County Library

  • 465 East 1200 South, Heber City, Utah 84032
  • Phone 435-654-1511 | Fax 435-654-6456

Hours

  • Monday - Friday 9:30 AM - 8:00 PM
  • Saturday 9:30 AM - 1:30 PM
  • Closed Sundays and Holidays